Lenguaje, estructura y cambio: la estructuración del sentido en psicoterapia

Saved in:
Bibliografiske detaljer
Main Authors: Efran, Jay S (Author), Lukens, Michael D (Author), Lukens, Robert J (Author)
Format: Bog
Sprog:spansk
Udgivet: Barcelona Gedisa 1994
Serier:Terapia Familiar
Fag:
Tags: Tilføj Tag
Ingen Tags, Vær først til at tagge denne postø!

MARC

LEADER 00000nam a2200000 a 4500
001 UCM0426
003 CL-VaPUC
005 20250121094819.0
008 020301e19940000SP |||||||||||||||||spa|d
999 |c 299333  |d 299331 
040 |c Pontificia Universidad Católica de Valparaíso 
082 0 4 |a 616.891  |b EFR  |2 21 
100 0 |a Efran, Jay S  |e author  |9 467186 
245 1 0 |a Lenguaje, estructura y cambio: la estructuración del sentido en psicoterapia 
260 |a Barcelona  |b Gedisa  |c 1994 
300 |a 285 p 
490 0 |a Terapia Familiar 
583 |a last modification  |c 20130101 08:40:40  |k Rodrigo Vera 
650 7 |a Psicoterapia  |2 CL-VaPUC  |9 467189 
650 0 |a Psicología clínica  |9 307259 
650 0 |a Relaciones interpersonales  |9 307056 
700 0 |a Lukens, Michael D  |e author  |9 467187 
700 0 |a Lukens, Robert J  |e author  |9 467188 
942 |c BK  |2 ddc 
945 |d 20020301 00:00:00  |a cmena 
952 |0 0  |1 0  |4 0  |6 616_891000000000000_EFR_1994  |7 0  |8 A  |9 355814  |a BIBEDU  |b BIBEDU  |c ES_NOD  |d 2019-11-21  |i 3791297  |o 616.891 EFR 1994  |p 3791297  |r 2023-08-09  |w 2019-11-21  |y BK  |k PSI